000 00493nam a2200169Ia 4500
008 110201s9999 xx 000 0 und d
082 _bB6297
_aK 2115
100 _aशिरवळकर सुहास
245 _aसंशय
260 _bदिलीपराज प्रकाशन
365 _b120
600 _aशिरवळकर सुहास
630 _aसंशय
700 _aशिरवळकर सुहास
730 _aसंशय
942 _cBOOK
999 _c831991
_d831988